000 00329nam a2200133Ia 4500
005 20260328104318.0
008 260328s9999||||xx |||||||||||||| ||und||
100 _aKushner, Marc
245 0 _aArchitizer the World's Best Architecture /
_cMarc Kushner
260 _bPhaidon
300 _a279 p.
650 _aMUSEOS
942 _cBK
999 _c11234
_d11234